Programa de economía industrial / Pablo Alegre Pi
Descripción Física:
[10] p. ; 17 cm
Otros Autores:
Escola Industrial de Barcelona
MARC
| LEADER | 00000nam a2200000Ia 4500 | ||
|---|---|---|---|
| 001 | 23522 | ||
| 008 | 160829s1939 xx 000 0 cat d | ||
| 080 | |a RF-16-75 | ||
| 100 | |a Alegre, Pau |9 38749 | ||
| 245 | |a Programa de economía industrial / Pablo Alegre Pi | ||
| 260 | |a Barcelona : |b Gráficas A. López, |c 1939 | ||
| 300 | |a [10] p. ; |c 17 cm | ||
| 590 | |a A la part superior de la portada: Escuela Industrial de Barcelona | ||
| 610 | 2 | 0 | |a Escola Industrial de Barcelona |9 54682 |
| 650 | |a Economia industrial |x Ensenyament |9 34840 | ||
| 650 | |a Currículums (Ensenyament) |9 48917 | ||
| 700 | |a Escola Industrial de Barcelona | ||
| 856 | 4 | |u https://media.diba.cat/diba/fitxers/arxiu/fulletons/bib_23522_1939_baixa.pdf |y Accés lliure | |
| 856 | 4 | |u https://media.diba.cat/diba/fitxers/arxiu/fulletons/bib_23522_1939_baixa.pdf |y Accés lliure | |
| 901 | |a Arxiu | ||
| 942 | |n 1 |2 udc | ||
| 952 | |0 0 |1 0 |4 0 |6 RF1675 |7 1 |9 54968 |a Arxiu |b Arxiu |d 2012-08-06 |l 0 |o RF-16-75 |p 23522 |r 2016-12-01 00:00:00 |w 2016-12-01 |y ARXIU | ||
| 999 | |c 58838 |d 58838 | ||
| 900 | |a bib_23522_1939_baixa.pdf | ||